Kraj odsúdený na chudobu? : Riaditeľka úradu práceTu sa zázrak nestane

Podrobná bibliografia
Médium: Článok
Jazyk:Slovak
Témy:
Zdroj: 1. Lúč 1. Roč. 3, č. 130(1994), dát. 0606, s. 4
LEADER 00800nab#a2200313#ar4500
001 000039113
003 SVKKK
005 00000000000000.0
008 c xo e sloo
FMT
038 |a SVKKK 
040 |a SVKKK  |b slo  |e AACR2 
041 0 |a slo 
044 |a xo  |c SK 
080 |a 331.5:331.5  |2 1981 
100 1 |a Slezák, Dušan  |4 com 
245 1 0 |a Kraj odsúdený na chudobu? :  |b Riaditeľka úradu práceTu sa zázrak nestane  |c Slezák Dušan, 
650 0 4 |a nezamestnanosť  |x znižovanie  |z Krompachy (SN)  |x program  |x rozhovory 
773 0 |t Lúč  |g Roč. 3, č. 130(1994), dát. 0606, s. 4 
957 |a Krompachy 
958 |a NP 
958 |a RE 
958 |a SN 
958 |a SV 
974 |d 960628  |a EM 
992 |a RBX 
BAS
852 |a SVKKK  |b BIB 
998 |a REG